| 000 | 00542nam a2200181Ia 4500 | ||
|---|---|---|---|
| 008 | 151018s9999 xx 000 0 und d | ||
| 082 |
_bRBASDV60502 _a928 |
||
| 100 | _aAchala Moulik | ||
| 245 | _ahundred years of lev tolstoy and the indian connection | ||
| 250 | _b1 | ||
| 260 |
_bHar-Anand _c2010 |
||
| 300 | _a208 | ||
| 600 | _aAchala Moulik | ||
| 630 | _ahundred years of lev tolstoy and the indian connection | ||
| 700 | _aAchala Moulik | ||
| 730 | _ahundred years of lev tolstoy and the indian connection | ||
| 942 | _cBOOK | ||
| 999 |
_c1054024 _d1054021 |
||